000 002560000a22000970004500
100 1 _aRivera Velázquez, Melvin
245 1 0 _a¿Por qué no responden?
300 _aVol. 54, Núm 240 (1999), Páginas 4-5
773 0 _tLa Biblia de las Américas
942 _cANA
999 _c51520
_d51520